Noms de famille les plus courants au Japon - Statistiques

Statistiques générales
  • Ce quiz a été pris 18 fois
  • Le résultat moyen est 10 sur 100
Statistiques - réponses
Nom % Correct
2 Suzuki
57%
4 Tanaka
50%
7 Yamamoto
43%
5 Itō
36%
8 Nakamura
36%
1 Satō
36%
25 Abe
29%
57 Nakayama
29%
53 Matsuda
21%
22 Mori
21%
28 Nakajima
21%
40 Sakamoto
21%
12 Yamada
21%
91 Chiba
14%
48 Fujiwara
14%
24 Hashimoto
14%
18 Hayashi
14%
10 Katō
14%
17 Kimura
14%
9 Kobayashi
14%
72 Kojima
14%
31 Maeda
14%
77 Masuda
14%
15 Matsumoto
14%
98 Matsuo
14%
70 Miyamoto
14%
66 Miyazaki
14%
55 Ono
14%
71 Ōno
14%
76 Takada
14%
68 Takagi
14%
6 Watanabe
14%
11 Yoshida
14%
69 Andō
7%
38 Endō
7%
45 Fujii
7%
85 Fujimoto
7%
34 Fujita
7%
42 Fukuda
7%
62 Hara
7%
33 Hasegawa
7%
84 Hirano
7%
16 Inoue
7%
29 Ishii
7%
100 Kikuchi
7%
83 Koyama
7%
95 Kubo
7%
75 Kudō
7%
90 Matsui
7%
50 Miura
7%
60 Morita
7%
37 Murakami
7%
52 Nakagawa
7%
49 Nakano
7%
44 Nishimura
7%
30 Ogawa
7%
32 Okada
7%
47 Okamoto
7%
19 | 41 Saitō
7%
65 Sakai
7%
96 Sano
7%
13 Sasaki
7%
93 Sugawara
7%
3 Takahashi
7%
54 Takeuchi
7%
61 Ueda
7%
21 Yamazaki
7%
67 Yokoyama
7%
39 Aoki
0%
82 Arai
0%
35 Gotō
0%
51 Harada
0%
99 Ichikawa
0%
23 Ikeda
0%
74 Imai
0%
59 Ishida
0%
26 Ishikawa
0%
92 Iwazaki
0%
46 Kaneko
0%
94 Kinoshita
0%
20 Kiyomizu
0%
36 Kondō
0%
86 Kōno
0%
78 Maruyama
0%
80 Murata
0%
88 Noguchi
0%
97 Nomura
0%
43 Ōta
0%
81 Ōtsuka
0%
64 Shibata
0%
79 Sugiyama
0%
89 Takeda
0%
56 Tamura
0%
73 Taniguchi
0%
63 Uchida
0%
87 Ueno
0%
58 Wada
0%
14 Yamaguchi
0%
27 Yamashita
0%
Aucun quiz correspondant
Distribution des résultats
% des personnes avec chaque résultat
Percentile par nombre de réponses
Votre historique - résultats
Vous n’avez pas pris ce quiz